Maailman kolmiraitaiset liput #1 - Statistics

Yleistilastot
  • Tätä visaa on pelattu 83 kertaa
    81 viimeisimmän päivityksen jälkeen
  • Keskiarvotulos 39 / 63
Vastaustilastot
Kuvavisa Vastaus % Oikein
Venäjä
100%
Saksa
98%
Viro
98%
Alankomaat
97%
Bulgaria
95%
Liettua
93%
Luxemburg
93%
Unkari
90%
Latvia
83%
Itävalta
81%
Espanja
78%
Intia
78%
Kroatia
78%
Slovakia
78%
Egypti
75%
Irak
75%
Slovenia
75%
Argentiina
73%
Armenia
73%
Pohjois-Korea
73%
Jemen
71%
Iran
69%
Kenia
69%
Syyria
69%
Libanon
68%
Kambodža
66%
Laos
66%
Uzbekistan
66%
Venezuela
66%
Azerbaidžan
64%
Ecuador
64%
Etiopia
63%
Botswana
59%
Kuwait
59%
Libya
59%
El Salvador
58%
Honduras
58%
Myanmar
56%
Niger
56%
Oman
56%
Tadžikistan
56%
Jordania
54%
Mosambik
54%
Nauru
54%
Nicaragua
54%
Paraguay
54%
Lesotho
53%
Sierra Leone
53%
Sudan
53%
Swazimaa
53%
Malawi
51%
Bahama
49%
Belize
49%
Gabon
49%
Ghana
49%
Suriname
47%
Bolivia
44%
Yhdistyneet arabiemiirikunnat
44%
Gambia
42%
Ranskan Polynesia
10%
Etelä-Ossetia
8%
Puntmaa
7%
Somalimaa
7%
Ehtoja vastaavia visoja ei löytynyt
Tulosjakauma
Jokaisen tuloksen saaneiden osuus
Persentiili vastausten määrän mukaan
Tuloshistoriasi
Et ole pelannut tätä visaa sen viimeisimmän päivityksen jälkeen